00579nam a2200193Ia 450000500170000000800410001704000190005804100120007708200150008910000220010424500450012626000430017130000210021444000380023550400500027365000220032370000300034585000100037520230822142130.0131103s9999 xx 000 0 und d aLoreto College aEnglish a915.1bCRE aCressey,George B. aLand of the 500 milioncGeorge B.Cressey aNew YorkbMcGraw - Hill Book Co.c1955 axv,387 p.b ill. aMcGraw - Hill Series In Geography aIncludes bibliographical references and index aChina - Geography aWeaver,John C.,series ed. aLCLIB